000 00402nam a2200145Ia 4500
008 151019s9999 xx 000 0 und d
020 _a9.780071281e+012
050 _aBF76.5.C67 2009
245 _a_Methods in Behavioral research
250 _a10th ed.
260 _aU S A Mcgraw Hill 2009
300 _aincludes index
500 _a_scientific research
700 _a^d20110111 03:59:07^okilerai
999 _c5309
_d5309